000 00498nam a22001697a 4500
005 20231117120845.0
008 231117b |||||||| |||| 00| 0 eng d
020 _a0409116645
041 _aEnglish
082 _a343.4 SIL
100 _lEnglish
245 _aSilke on South African Income Tax :
_bIncome Tax Act 1998/1999
260 _aDurban :
_bButterworth Publishers (Pty) Ltd,
_c1998
300 _c25 cm.
650 _aLegal practice
_bLaw
942 _cBK
_6ALISON_BN_VRIES
999 _c766
_d766